Modelovanie a simulácia elektronických systémov používaných v leteckej doprave

Podrobná bibliografia
Hlavní autori: Džunda, Milan, 1956- (Autor), Melníková, Lucia, 1987- (Autor)
Médium: Program E-kniha
Jazyk:slovenčina
Fyzický popis:1 CD-ROM farebný 12 cm
Vydavateľské údaje: Košice Technická univerzita v Košiciach 2021
ISBN:9788055340302
Vydanie:Vydanie prvé
Predmet:

MARC

LEADER 00000nam a2200000 4500
001 vtls012253898
003 SK-MaSNL
005 20260301083320.0
007 co cg auuua
008 240403s2021 xo | fqn 000 0 slo
015 |a SNBS2024 
020 |a 9788055340302  |q (elektronická kniha)  |z 9788073852238 
040 |a SNK  |b slo  |c SNK  |e rda 
041 0 |a slo 
044 |a xo  |c SK 
072 7 |a 656.6/.7  |x Vodná a letecká doprava  |2 konspekt 
080 |a 62-027.45  |2 2011 
080 |a 656:004  |2 2011 
080 |a 659.2  |2 2011 
080 |a 656.7  |2 2011 
080 |a 629.7  |2 2011 
080 |a (075.8)  |2 2011 
080 |a (0.034.44)  |2 2011 
100 1 |a Džunda, Milan,  |d 1956-  |4 aut  |9 409982 
245 1 0 |a Modelovanie a simulácia elektronických systémov používaných v leteckej doprave  |c Milan Džunda, Peter Dzurovčin, Lucia Melníková 
250 |a Vydanie prvé 
264 1 |a Košice  |b Technická univerzita v Košiciach  |c 2021 
300 |a 1 CD-ROM  |b farebný  |c 12 cm 
336 |a text  |b txt  |2 rdacontent 
337 |a počítač  |b c  |2 rdamedia 
338 |a počítačový disk  |b cd  |2 rdacarrier 
347 |a textový súbor  |b PDF  |2 rda 
366 |e 100 kusov 
500 |a Nad názvom Letecká fakulta 
504 |a Obsahuje bibliografiu na strane 142-149 
650 0 7 |a bezpečnostné systémy  |2 SNKPH  |9 78869 
650 0 7 |a dopravná telematika  |2 SNKPH  |9 28637 
650 0 7 |a informačné služby  |2 SNKPH  |9 49796 
650 0 7 |a letecká doprava  |2 SNKPH  |9 50044 
650 0 7 |a letectvo  |2 SNKPH  |9 23632 
650 0 7 |a Safety Systems  |2 SNKPHeng  |9 409983 
650 0 7 |a Transportation telematics  |2 SNKPHeng  |9 409984 
650 0 7 |a Information services  |2 SNKPHeng  |9 312481 
650 0 7 |a Air transportation  |2 SNKPHeng  |9 268187 
650 0 7 |a Aviation  |2 SNKPHeng  |9 265900 
655 7 |a CD-ROM  |2 SNKPH  |9 70236 
700 1 |a Melníková, Lucia,  |d 1987-  |4 aut  |9 224460 
710 2 |a Technická univerzita v Košiciach.  |b Letecká fakulta  |4 pbl  |9 177435 
919 |a 978-80-553-4030-2 
958 |a NB 
999 |c 660231  |d 662161 
952 |t 1  |a SNK  |b SNK  |c SNK_KF  |y PREZ  |7 0  |p 17A1546098  |o snkSCDM 13174  |i snk2024/5285  |8 0  |0 0  |1 0  |2 udc  |4 0  |d 2024-04-03  |l 0  |r 2026-02-23 18:51:00  |w 2026-02-23